000 00693cab a2200229 4500
001 WB3215-38
008 090401t1996 xxu||||| |||| 00| 0 eng d
035 _a(Sirsi) u69803
041 _aeng
245 _aHousing investment trusts
260 _c1996
350 _a0
490 _aRICS Press Release
_v(PR43.res) 12 April 1996, (2)
520 _aRICS comments on housing investment trusts and the key disadvantages with existing HIT legislation. Details.
650 _aHOUSING INVESTMENT TRUSTS
650 _aINVESTMENT MARKET
650 _aPRIVATE RENTED SECTOR
690 _aPROPERTY-PROPERTY FINANCE AND INVESTMENT
690 _aHOUSING
942 _n0
948 _c04/03/1997
999 _c43881
_d43881